Largest Towns and Cities of MASSACHUSETTS by First Letter - Statistics

General Stats
  • This quiz has been taken 142 times
  • The average score is 12 of 21
Answer Stats
Letter Population % Correct
B 667,137 Boston
100%
C 105,612 Cambridge
91%
W 184,815 Worcester
91%
S 154,341 Springfield
88%
L 110,699 Lowell
82%
Q 93,618 Quincy
80%
F 88,777 Fall River
67%
N 94,958 New Bedford
67%
T 56,789 Taunton
61%
H 62,765 Haverhill
56%
M 61,068 Malden
48%
P 57,848 Plymouth
47%
E 46,050 Everett
43%
U 13,892 Uxbridge
43%
I 13,616 Ipswich
40%
R 53,422 Revere
40%
A 44,128 Arlington
37%
K 12,958 Kingston
31%
G 29,871 Gloucester
26%
D 34,482 Dartmouth
21%
O 13,817 Oxford
21%
No matching quizzes found
Score Distribution
Percent of People with Each Score
Percentile by Number Answered
Your Score History
You have not taken this quiz